| 000 | 01107nac a2200325 i 4500 | ||
|---|---|---|---|
| 003 | EG-ScBUE | ||
| 005 | 20250311101807.0 | ||
| 008 | 150816t2007 flua f b 001 0 eng d | ||
| 020 | _a9781584887324 | ||
| 020 | _a158488732X | ||
| 035 | _a(OCoLC)ocm69734598 | ||
| 040 |
_aEG-ScBUE _beng _erda _cEG-ScBUE _dEG-ScBUE |
||
| 082 | 0 | 4 |
_a530.12 _bERK _222 |
| 100 | 1 | _aErkoc, Sakir. | |
| 245 | 1 | 0 |
_aFundamentals of quantum mechanics / _cSakir Erkoc, Moddle East Technical University, Ankara, Turkey. |
| 264 | 1 |
_aBoca Raton, Florida : _bCRC Press ; _c[2007] |
|
| 264 | 4 | _cc2007 | |
| 300 |
_a433 pages : _billustrations ; _c25 cm |
||
| 336 |
_2rdacontent _atext _btxt |
||
| 337 |
_aunmediated _2rdamedia _bn |
||
| 338 |
_avolume _bnc _2rdacarrier |
||
| 504 | _aIncludes bibliographical references and index. | ||
| 590 | _aCatalogued By: Mostafa El-Helaly | ||
| 650 | 7 |
_aQuantum theory. _2BUEsh |
|
| 651 | _2BUEsh | ||
| 653 | _cAugust2015 | ||
| 655 | _vReading book | ||
| 856 | 4 | 2 |
_3Publisher description _uhttp://www.loc.gov/catdir/enhancements/fy0626/2006045544-d.html |
| 942 |
_cBB _2ddc |
||
| 999 |
_c8117 _d8117 |
||